Statistics for Famous Robloxians

Click here to take the quiz!

General Stats

  • This quiz has been taken 294 times
  • The average score is 2 of 14

Answer Stats

#Robloxian% Correct
1builderman
77%
2Shedletsky (telamon)
47%
3Stickmasterluke
44%
4Merely
10%
14TheGamer101
8%
10Seranok
6%
5TheFurryFox
4%
8Bradleyp118
2%
13DOWNLOADY123
2%
7Matt Desuk
1%
9middok
1%
6PinkObot
1%
11Sabbee79
1%
12TheFurryFish
1%

Score Distribution

Percentile by Number Answered

Percent of People with Each Score

Your Score History

You have not taken this quiz